[Event "Sharjah Master 2024"]
[Site "Shsrjah - Abu Dhabi"]
[Date "2024.05.14"]
[Round "1.31"]
[White "Banusz, Tamas"]
[Black "Zemlyanskii, Ivan"]
[Result "1/2-1/2"]
[WhiteElo "2623"]
[BlackElo "2516"]
[PlyCount "97"]
[EventDate "2024.05.14"]
[EventCountry "UAE"]

{[%evp 10,97,7,0,25,24,34,38,90,34,43,-15,-11,-11,-5,-7,-8,-12,13,-48,-46,-41,-51,-44,-47,-80,-78,-77,-77,-160,-161,-166,-174,-202,-137,-197,-197,-202,-169,-160,-149,-144,-145,-163,-162,-228,-228,-225,-224,-228,-110,-207,-21,-23,-25,-57,-1,0,6,9,7,20,12,0,0,0,0,0,0,0,0,0,0,0,0,0,0,0,0,0,0,0,0,0,0,0,0,0,0,0]} 1. Nf3 Nf6 2. d4 g6 3. Nbd2 d5 4. e3 Bg7 5. c4 O-O 6. b4 a5 ({RR} 6... b6 7. Bb2 Bb7 8. Rc1 dxc4 9. Bxc4 Nbd7 10. O-O e6 11. Qe2 Nd5 (11... a6 $14) 12. b5 Qe7 13. e4 N5f6 14. Bd3 Rfc8 15. Nc4 a6 16. a4 axb5 17. axb5 Ne8 18. Ra1 Qd8 19. Nfe5 Nxe5 20. Nxe5 Nd6 21. Nc6 {Gledura,B (2616)-Hansen,E (2610) chess.com INT 2024 0-1 (48)}) 7. b5 c5 8. dxc5 $146 ({RR} 8. bxc6 {8.dxc5 0.43} bxc6 9. Ba3 Na6 10. Be2 Nb4 11. O-O Bf5 12. Ne5 c5 13. Ndf3 Ne4 14. Bb2 cxd4 15. Bxd4 dxc4 (15... f6 $17 16. Nd3 e5) 16. Bxc4 Nd6 17. Bb3 $1 Nb5 (17... Be4 $11 {remains equal.}) 18. a3 Nxd4 19. exd4 Na6 20. Re1 Qd6 $2 (20... Bf6 $16) 21. Nxf7 Rxf7 22. Bxf7+ Kxf7 {Gledura,B (2619)-Nenezic,M (2496) Budapest 2024 1-0 (37)}) ({RR} 8. bxc6 {8.dxc5 0.33} bxc6 9. Ba3 Na6 10. Be2 Nb4 11. O-O Bf5 12. Ne5 c5 13. Ndf3 Ne4 14. Bb2 $1 cxd4 15. Bxd4 dxc4 (15... f6 $15 16. Nd3 e5) 16. Bxc4 Nd6 17. Bb3 Nb5 (17... Be4 $11) 18. a3 Nxd4 19. exd4 Na6 20. Re1 Qd6 $2 {[%mdl 8192]} (20... Bf6 $16) 21. Nxf7 Rxf7 22. Bxf7+ Kxf7 {Gledura,B (2619)-Nenezic,M (2496) Hungary HUN 2024 1-0 (37)}) 8... dxc4 $6 {Inaccuracy. Nbd7 was best.White is slightly better.} (8... Nbd7) 9. Bb2 $6 {Inaccuracy. Bxc4 was best.} (9. Bxc4) ({Wrong is} 9. Nxc4 $2 Qxd1+ 10. Kxd1 Ne4 $19) ({Better is} 9. Bxc4 $16 Ne4 10. Ba3 (10. Nxe4 Qxd1+ 11. Kxd1 Bxa1 $11) 10... Bxa1 11. Qxa1 Nxd2 12. Nxd2) 9... Nbd7 $14 10. Bxc4 (10. Bd4 $14) 10... Nxc5 $11 11. O-O Bg4 12. h3 Bxf3 13. Nxf3 Nfe4 14. Bxg7 (14. Qc2 $11) 14... Qxd1 $15 15. Rfxd1 Kxg7 16. Rac1 Rac8 17. Bf1 Nd6 18. Ne5 Na4 19. Rxc8 $2 {Mistake. Nd7 was best.} (19. Nd7 Rxc1 20. Rxc1 Rd8 21. Rc7 Rc8 22. Rxc8 Nxc8 23. Bc4 Nc3 24. Kf1 Nd6) (19. Nd7 $142 Nc3 20. Nxf8 Nxd1 21. Rxd1 Kxf8 22. a4) 19... Rxc8 $17 20. Rd4 {[#]} Nb6 $1 21. Rd2 Rc1 $6 {Inaccuracy. Rc5 was best.} (21... Rc5 22. Nf3 Rc1 23. g3 Ne4 24. Rd4 Nc3 25. Rd2 Ra1 26. Rd3 Ne2+ 27. Kg2) 22. Nd3 (22. g4 $17) 22... Rb1 $19 23. Rb2 Rd1 24. Rc2 Nd5 25. g4 b6 ({Much less strong is} 25... Nxb5 26. Rc5 $15) 26. Kg2 Nxb5 27. Rb2 $6 {Inaccuracy. Nb2 was best.} (27. Nb2 Na3 28. Nxd1 Nxc2 29. Bc4 Ndb4 30. a4 Na3 31. Nb2 e6 32. Kf3 Kf6) (27. Be2 $142 Ra1 28. Bf3) 27... Nbc3 28. Ne5 Rb1 29. Rd2 ({Of course not} 29. Rxb1 Nxb1 30. Bc4 Nbc3 $17) 29... Rb4 $6 {Inaccuracy. e6 was best.} (29... e6 30. Bc4 g5 31. Bxd5 Nxd5 32. Nc4 Rc1 33. Nd6 h6 34. Kg3 Kf6 35. Kf3) (29... g5 $19 {and Black stays clearly on top.} 30. Bd3 Ra1) 30. Rc2 $6 {Inaccuracy. Bc4 was best.} (30. Bc4) (30. Bc4 $17 {was necessary.}) 30... f6 $4 {Blunder. Ra4 was best.} (30... Ra4 31. Bc4 f6 32. Bxd5 Nxd5 33. Nc6 Kf7 34. Kf3 Nb4 35. Nxb4 Rxb4 36. Rc8) ({Black should try} 30... Ra4 $19 31. Bc4 f6 32. Bxd5 Nxd5) 31. Nc6 $11 Re4 {Strongly threatening ...Rxe3!} 32. Nd4 {[#]} e5 (32... Rxe3 $1 $15 {[%mdl 512]} 33. fxe3 Nxe3+ {[%mdl 64] Double Attack} 34. Kf3 Nxc2 35. Nxc2 Nxa2) 33. Ne6+ {The position is equal.} Kf7 {[#]} 34. Nc7 $1 {[%mdl 512]} Ke7 $1 {Threatens to win with ...Rxe3.} (34... Nxc7 35. Rxc3) 35. Nxd5+ Nxd5 {[%mdl 4096] Endgame KRB-KRN} 36. Rc6 Kd7 37. Bb5 {And now Rc4+ would win.} Nc7 38. Rxb6+ Nxb5 39. Rxb5 {KR-KR} Ra4 40. Rb7+ Ke6 41. Rxh7 g5 42. Ra7 e4 43. Rb7 Rxa2 44. Rb6+ Ke5 45. Rb5+ Kd6 46. Rb6+ Ke5 47. Rb5+ Ke6 48. Rb6+ Ke5 49. Rb5+ {Accuracy: White = 71%, Black = 77%.} 1/2-1/2

[Event "Sharjah Master 2024"]
[Site "Shsrjah - Abu Dhabi"]
[Date "2024.05.14"]
[Round "1.32"]
[White "Avila Pavas, Santiago"]
[Black "Suleymanli, Aydin"]
[Result "1/2-1/2"]
[WhiteElo "2514"]
[BlackElo "2621"]
[PlyCount "89"]
[EventDate "2024.05.14"]
[EventCountry "UAE"]

{[%evp 0,89,26,18,33,-3,33,33,33,12,10,-7,14,8,9,8,23,23,21,6,6,2,13,-4,-1,15,4,-19,-13,-17,-1,-10,-5,-15,-8,-8,-9,-20,-20,0,-2,-27,-19,-12,-35,-30,0,-4,0,0,0,-34,0,0,0,0,0,0,3,9,13,0,0,0,0,15,16,23,22,22,60,60,65,65,65,0,0,0,0,0,0,0,0,0,27,33,25,-2,-2,-1,0,0]} 1. e4 e5 2. Nf3 Nc6 3. d4 exd4 4. Nxd4 Nf6 5. Nc3 Bb4 6. Nxc6 bxc6 7. Bd3 d5 8. exd5 O-O 9. O-O cxd5 10. h3 c6 11. Qf3 Bd6 12. Bf4 ({RR} 12. Re1 Nd7 13. Bf4 Nc5 14. Rad1 Rb8 15. b3 Qf6 16. Ne2 a5 17. Bxd6 Qxd6 18. c4 Nxd3 19. Qxd3 a4 20. bxa4 Ba6 21. Qc3 Qb4 22. cxd5 Bxe2 23. Qxb4 Rxb4 24. Rxe2 cxd5 25. Rxd5 Rxa4 26. Red2 h5 {Nakamura,H (2780)-Anand,V (2754) Viernheim GER 2024 ½-½ (55)}) 12... Qc7 ({RR} 12... Be6 13. Ne2 Rb8 14. b3 c5 15. Rad1 a5 16. Rfe1 Re8 17. c3 Qc7 18. Qg3 Red8 19. Bxd6 Qxd6 20. Nf4 Kf8 21. Re5 Bc8 22. Rde1 Bb7 23. Nh5 g6 24. Qf4 Nxh5 25. Re8+ Kg7 26. Qxd6 Rxd6 27. Rxb8 {Sanal,V (2567)-Wagner,D (2611) chess.com INT 2024 1-0 (51)}) 13. Ne2 $146 ({RR} 13. Bxd6 Qxd6 14. Rfe1 Bd7 15. Rad1 Rfe8 16. b3 a5 17. Ne2 c5 18. Nc3 Bc6 19. Bb5 Rxe1+ 20. Rxe1 Bb7 21. Qf5 g6 22. Qe5 Qxe5 23. Rxe5 Kf8 24. Na4 Rc8 25. c4 Rc7 26. f3 h5 27. h4 Kg7 {Isanzhulov,A (2407)-Hovhannisyan,R (2611) Samarkand UZB 2023 1-0 (76)}) ({RR} 13. Bxd6 Qxd6 14. Rfe1 Bd7 15. Rad1 Rfe8 16. b3 Rxe1+ 17. Rxe1 Re8 18. Re2 c5 19. Rxe8+ Bxe8 20. Ne2 Bc6 21. Qf4 Qxf4 22. Nxf4 Kf8 23. c3 Ke7 24. f3 Kd6 25. Kf2 a5 26. Ne2 h6 27. a3 Nd7 {Isanzhulov,A (2407)-Lysyj,I (2589) Samarkand UZB 2023 0-1 (53)}) 13... Re8 14. Rae1 Bd7 15. c4 Rab8 16. b3 Bxf4 17. Nxf4 Qa5 18. Rxe8+ Rxe8 19. cxd5 cxd5 20. Nh5 Nxh5 21. Qxh5 g6 22. Qf3 Be6 23. Qe2 Qc3 24. Rd1 Rc8 25. h4 a5 26. h5 Qf6 27. Qd2 Qc3 28. Qg5 Qd4 29. Be2 Qb2 30. Bf3 Qxa2 31. Bxd5 Qc2 32. Rd2 Qc1+ 33. Kh2 Qc5 34. f4 Qd6 35. Bxe6 Qxe6 36. Qxa5 Qf6 37. Qg5 Qxg5 38. fxg5 gxh5 39. b4 Rb8 40. Rb2 Rb5 41. Kg3 Kf8 42. Kh4 Kg7 43. g4 hxg4 44. Kxg4 f6 45. gxf6+ 1/2-1/2

[Event "Sharjah Master 2024"]
[Site "Shsrjah - Abu Dhabi"]
[Date "2024.05.14"]
[Round "1.33"]
[White "Gledura, Benjamin"]
[Black "Siddharth, Jagadeesh"]
[Result "1/2-1/2"]
[WhiteElo "2619"]
[BlackElo "2508"]
[PlyCount "30"]
[EventDate "2024.05.14"]
[EventCountry "UAE"]

{[%evp 0,30,18,17,27,0,66,35,52,52,61,52,46,9,33,28,51,15,47,67,64,19,22,7,-2,-29,-35,-30,-66,-44,-30,-52,-34]} 1. d4 Nf6 2. c4 g6 3. Nc3 d5 4. Nf3 Bg7 5. Qb3 dxc4 6. Qxc4 O-O 7. e4 a6 8. e5 b5 9. Qb3 Nfd7 10. e6 fxe6 11. Be3 Nf6 12. Be2 Nc6 13. Rd1 Qd6 14. O-O Ng4 15. h3 Nxe3 (15... Nf6) 1/2-1/2

[Event "Sharjah Master 2024"]
[Site "Shsrjah - Abu Dhabi"]
[Date "2024.05.14"]
[Round "1.34"]
[White "Blohberger, Felix"]
[Black "Maurizzi, Marc`Andria"]
[Result "1/2-1/2"]
[WhiteElo "2505"]
[BlackElo "2617"]
[PlyCount "61"]
[EventDate "2024.05.14"]
[EventCountry "UAE"]

{[%evp 0,61,17,17,27,0,0,0,10,-13,15,15,30,30,30,27,24,25,45,38,37,36,29,35,33,21,27,28,31,34,38,19,12,2,12,6,37,14,48,24,32,18,26,12,24,27,20,20,12,23,22,16,16,-13,-25,-22,-13,-1,-1,-8,-8,-21,-8,-20]} 1. d4 d5 2. c4 e6 3. Nf3 a6 4. Bg5 Be7 5. Bxe7 Qxe7 6. e3 ({RR} 6. Nbd2 Nf6 7. g3 c5 8. dxc5 O-O 9. Bg2 d4 10. Nxd4 Rd8 11. N4b3 a5 12. a4 Nfd7 13. O-O Nxc5 14. Nxc5 Qxc5 15. Ne4 Qc7 16. Qc2 Na6 17. Rfd1 Bd7 18. Ng5 f5 19. e4 h6 20. Nf3 fxe4 {Abasov,N (2679)-Nakamura,H (2780) Viernheim GER 2024 0-1 (69)}) 6... Nf6 7. Nc3 O-O 8. Rc1 $146 ({RR} 8. Qc2 c5 9. Rd1 Nc6 10. a3 dxc4 11. Bxc4 b5 12. Ba2 cxd4 13. exd4 Bb7 14. O-O Rac8 15. Rfe1 b4 16. axb4 Nxb4 17. Qe2 Nxa2 18. Nxa2 Nd5 19. Qd2 Rc7 20. Nc3 Nxc3 21. bxc3 Bxf3 22. gxf3 Rfc8 {Barria Zuniga,D (2341)-Slade,T (2086) chess.com INT 2024 ½-½ (54)}) 8... b6 9. cxd5 exd5 10. Bd3 Bb7 11. O-O Nbd7 12. Qe2 c5 13. b3 b5 14. dxc5 Nxc5 15. Nd4 g6 16. Rc2 Rac8 17. Rfc1 Nfe4 18. Nd1 h5 19. f3 Nf6 20. Qd2 Ne6 21. Nxe6 Qxe6 22. Qb4 Rxc2 23. Rxc2 Rc8 24. Qd4 Rxc2 25. Bxc2 Nd7 26. b4 Ne5 27. Bb3 Qe7 28. Nc3 Nc4 29. Bxc4 dxc4 30. a3 Bc6 31. Ne2 1/2-1/2

[Event "Sharjah Master 2024"]
[Site "Shsrjah - Abu Dhabi"]
[Date "2024.05.14"]
[Round "1.35"]
[White "Yuffa, Daniil"]
[Black "Madaminov, Mukhiddin"]
[Result "1/2-1/2"]
[WhiteElo "2617"]
[BlackElo "2504"]
[PlyCount "136"]
[EventDate "2024.05.14"]
[EventCountry "UAE"]

{[%evp 0,136,17,-12,8,0,5,4,0,-23,-14,-1,-7,3,9,-3,21,32,38,38,49,31,54,39,40,22,39,38,40,40,30,25,33,33,19,7,11,-15,0,-15,10,-2,6,-82,17,17,34,69,69,38,75,75,67,63,43,-54,-163,-155,150,115,156,89,63,46,46,55,94,122,122,114,114,150,178,150,178,136,155,164,169,179,185,188,234,234,238,226,226,226,366,386,389,389,421,389,379,263,337,331,270,283,283,262,189,111,127,127,132,91,96,103,129,146,111,137,138,137,137,140,130,130,148,186,211,240,218,173,205,218,277,239,222,282,327,243,255,117,255,299,299]} 1. c4 e6 2. Nc3 d5 3. d4 Nf6 4. cxd5 exd5 5. Bg5 c6 6. e3 h6 7. Bh4 Be7 8. Bd3 O-O 9. Nge2 Re8 ({RR} 9... Ne4 10. Bxe7 Qxe7 11. Bxe4 dxe4 12. Ng3 f5 13. O-O Be6 14. d5 Rd8 15. Qh5 cxd5 16. Nxf5 Qf7 17. Qxf7+ Kxf7 18. Nd4 Nd7 19. Rac1 Ne5 20. Ncb5 Nd3 21. Nc7 Nxc1 22. Rxc1 Rac8 23. Ndxe6 Rd7 24. h4) 10. O-O a5 ({RR} 10... Nbd7 11. f3 b5 12. Rc1 a5 13. Bf2 Ba6 14. Ng3 Bd6 15. Nce2 c5 16. Nf5 Bf8 17. dxc5 Nxc5 18. Bb1 b4 19. Re1 Rc8 20. Nf4 g6 21. Nd4 Qb6 22. Qd2 Bd6 23. b3 Qb8 24. g4 Ncd7 25. Kg2) 11. Rc1 Nbd7 ({RR} 11... Na6 12. a3 Nc7 13. f3 Ne6 14. Qd2 b5 15. Bf2 Ba6 16. Ng3 Qb6 17. Nce2 b4 18. axb4 axb4 19. Bb1 c5 20. Nf5 Bf8 21. Rfd1 c4 22. e4 dxe4 23. fxe4 Ng4 24. Bg3 g6 25. h3 gxf5 26. hxg4) 12. Bg3 Nf8 13. h3 $146 ({RR} 13. Bb1 Nh5 14. Be5 Bd6 15. f4 Be7 16. f5 Nh7 17. e4 Bg5 18. exd5 cxd5 19. Rc2 Bd7 20. Kh1 Bc6 21. a3 N5f6 22. h3 Ne4 23. Ba2 Nhf6 24. Qe1 Nd7 25. Nxe4 dxe4 26. Bf4 Nf6 27. Rc5 Bxf4 {Yuffa,D (2617)-Urazayev,A (2473) Dubai Police Officers Club, A 2024 0-1 (37)}) ({RR} 13. Bb1 Nh5 14. Be5 Bd6 15. f4 Be7 16. f5 Nh7 17. e4 Bg5 18. exd5 cxd5 19. Rc2 Bd7 20. Kh1 Bc6 21. a3 N5f6 22. h3 Ne4 23. Ba2 Nhf6 24. Qe1 Nd7 25. Nxe4 dxe4 26. Bf4 Nf6 27. Rc5 Bxf4 {Yuffa,D (2617)-Urazayev,A (2476) Dubai UAE 2024 0-1 (37)}) 13... Ne6 14. Be5 Nd7 15. Bh2 b6 16. a3 Bb7 17. Bb1 Rc8 18. Ng3 g6 19. f4 Nef8 20. e4 dxe4 21. f5 Ba6 22. fxg6 fxg6 23. Ba2+ Kh8 24. Rf7 Nh7 25. Ngxe4 Ng5 26. Rxe7 Qxe7 27. Nd6 Qe3+ 28. Kh1 Nf6 29. Qg1 Qd2 30. Bb1 Kh7 31. Nxe8 Rxe8 32. Be5 Nh5 33. Rc2 Qd3 34. Re2 Qc4 35. Ba2 Qd3 36. Bb1 Qc4 37. Qe1 Rf8 38. Rf2 Rxf2 39. Qxf2 Qe6 40. Ba2 Bc4 41. Bxc4 Qxc4 42. d5 Kg8 43. Qxb6 Qf1+ 44. Kh2 Nf7 45. dxc6 Qf5 46. Qb8+ Kh7 47. Bg3 Nxg3 48. Qxg3 Qc5 49. Qf4 Kg7 50. c7 Nd6 51. Na4 Qxc7 52. Qe5+ Kf7 53. Nc5 Qe7 54. Qd5+ Kg7 55. Ne6+ Kh7 56. b4 a4 57. Nd4 Qf6 58. Ne6 Qe7 59. Nf4 Qf6 60. Nd3 h5 61. b5 Nf5 62. Ne5 Ne3 63. Qd7+ Kh6 64. Nf7+ Kg7 65. Ne5+ Kh6 66. Nf7+ Kg7 67. Ng5+ Kh6 68. Nf7+ Kg7 1/2-1/2

[Event "Sharjah Master 2024"]
[Site "Shsrjah - Abu Dhabi"]
[Date "2024.05.14"]
[Round "1.36"]
[White "Dronavalli, Harika"]
[Black "Petrosyan, Manuel"]
[Result "1/2-1/2"]
[WhiteElo "2503"]
[BlackElo "2616"]
[PlyCount "69"]
[EventDate "2024.05.14"]
[EventCountry "UAE"]

{[%evp 0,69,17,17,19,0,7,-8,30,-29,-23,-13,55,7,8,-18,6,-21,-40,-6,-3,-11,39,52,43,22,51,42,30,30,67,67,75,17,36,36,36,-3,-6,44,44,35,59,48,48,16,13,15,22,22,20,23,23,32,40,38,56,46,56,30,31,26,34,26,22,25,14,5,30,21,21,-4]} 1. d4 Nf6 2. c4 e6 3. Nc3 Bb4 4. Qc2 O-O 5. e4 d5 6. e5 Ne4 7. Bd3 c5 8. Nf3 cxd4 9. Nxd4 Nd7 10. Bf4 Qh4 11. g3 Qh5 12. O-O g5 13. cxd5 gxf4 14. dxe6 fxg3 15. hxg3 Nxc3 $2 {Mistake. Bxc3 was best.} (15... Bxc3 16. bxc3 Nxe5 17. Bxe4 Ng4 18. Nf3 Bxe6 19. Rfe1 f5 20. Bxb7 Rab8 21. Qe2) 16. exd7 $4 {Blunder. Kg2 was best.} (16. Kg2 fxe6 17. bxc3 Qf7 18. Rh1 Bxc3 19. Bxh7+ Kg7 20. Rad1 Nxe5 21. Be4 Qf6) 16... Bxd7 17. bxc3 Rac8 18. Qd1 Qxd1 19. Raxd1 Bxc3 20. Bf5 Rc4 21. Bxd7 Rxd4 22. Rxd4 Bxd4 23. Re1 $146 ({RR} 23. e6 fxe6 24. Bxe6+ Kg7 25. Kg2 Rd8 26. Rd1 Bb6 27. Rxd8 Bxd8 28. Bb3 Bf6 29. Be6 Bd8 30. Bb3 Bf6 31. Be6 Bd8 {½-½ (31) Van Foreest,L (2512)-Ali Marandi,C (2516) Saint Louis USA 2024}) 23... Rd8 24. e6 fxe6 25. Bxe6+ Kg7 26. Kg2 b5 27. Bb3 Rd7 28. Rd1 a5 29. a4 bxa4 30. Bxa4 Rd6 31. f4 Bc5 32. Rxd6 Bxd6 33. Kf3 h6 34. g4 Kf6 35. g5+ 1/2-1/2

[Event "Sharjah Master 2024"]
[Site "Shsrjah - Abu Dhabi"]
[Date "2024.05.14"]
[Round "1.37"]
[White "Theodorou, Nikolas"]
[Black "Samant Aditya S"]
[Result "1-0"]
[WhiteElo "2616"]
[BlackElo "2499"]
[PlyCount "115"]
[EventDate "2024.05.14"]
[EventCountry "UAE"]

{[%evp 0,115,17,17,19,18,26,27,20,30,88,59,31,28,62,40,52,46,40,50,57,40,35,54,55,69,69,76,76,73,73,78,84,85,107,50,44,87,101,91,100,88,120,90,158,153,153,125,125,102,94,91,100,71,106,112,167,158,201,184,172,179,179,175,175,175,175,183,183,183,184,191,264,311,330,207,227,215,214,233,232,186,216,195,223,146,142,151,221,221,375,391,406,431,425,430,430,458,436,463,509,513,518,431,455,479,487,493,1154,1071,1482,1626,1860,1944,2100,1832,2300,1862]} 1. d4 Nf6 2. Nf3 d5 3. Bf4 e6 4. e3 c5 5. Be2 Nc6 6. O-O Bd6 7. dxc5 Bxc5 8. c4 O-O 9. Nc3 a6 10. cxd5 exd5 11. Rc1 d4 12. Na4 Ba7 13. exd4 Nxd4 14. Nxd4 Qxd4 15. Qxd4 Bxd4 16. Bf3 Re8 17. Rfd1 Ba7 18. h3 Bd7 19. Rxd7 Nxd7 20. Bxb7 Rad8 21. Bc7 Nb8 22. Bxd8 Rxd8 23. Bf3 g6 24. Kf1 Kg7 25. Be2 a5 26. Rc7 Rd7 27. Rc8 Rd4 $2 {Mistake. Rd2 was best.} (27... Rd2 28. Ke1 Rd5 29. Nc3 Rc5 30. Rxc5 Bxc5 31. Bb5 f5 32. Ke2 Kf6 33. f4) 28. Nc3 Rf4 29. f3 Rf6 30. Nb5 Nc6 31. Nc7 Kh6 32. Ne8 Re6 33. Bc4 Re5 34. Nd6 Rc5 35. Nxf7+ Kh5 $6 {Inaccuracy. Kg7 was best.} (35... Kg7 36. b3 Nb8 37. Rd8 Rxc4 38. bxc4 Kxf7 39. Rh8 Ke6 40. Rxh7 Bd4 41. h4) 36. Rh8 Kh4 37. Nd6 $6 {Inaccuracy. Rxh7+ was best.} (37. Rxh7+ Kg3 38. Nd6 Kh2 39. b3 Bb8 40. Ne4 Rh5 41. Rg7 Nd4 42. Rxg6 Rh7) 37... h5 38. b3 Ne7 $6 {Inaccuracy. Nd4 was best.} (38... Nd4 39. Rh6 Nf5 40. Rxg6 Nxd6 41. Rxd6 Bb8 42. Rd8 Bc7 43. Rc8 Kg3 44. Rg8+) 39. Ne4 Re5 40. Re8 Bd4 41. Bf7 Nf5 42. Rxe5 Bxe5 43. Bxg6 Ne3+ $6 {Inaccuracy. Ng3+ was best.} (43... Ng3+ 44. Nxg3 Bxg3 45. Ke2 Kg5 46. Be8 h4 47. Kd3 Kf5 48. Bd7+ Kf6 49. Ke4) 44. Kf2 Bd4 45. f4 Nc2+ 46. Ke2 Bb6 47. f5 Nd4+ 48. Kd3 Nc6 49. Be8 Ne5+ 50. Ke2 Bd4 51. a3 Bb2 52. b4 axb4 53. axb4 Bd4 $6 {Inaccuracy. Nc4 was best.} (53... Nc4 54. f6 Bxf6 55. Nxf6 Kg3 56. Bc6 Ne5 57. b5 Nc4 58. Nxh5+ Kh4 59. Ng7) 54. f6 Bb6 $2 {Checkmate is now unavoidable. Bc3 was best.} (54... Bc3 55. Nxc3) 55. f7 Ng6 56. Bd7 Bc7 57. Bf5 Nf8 58. b5 1-0

[Event "Sharjah Master 2024"]
[Site "Shsrjah - Abu Dhabi"]
[Date "2024.05.14"]
[Round "1.38"]
[White "Suleymenov, Alisher"]
[Black "Ivanchuk, Vasyl"]
[Result "0-1"]
[WhiteElo "2499"]
[BlackElo "2609"]
[PlyCount "86"]
[EventDate "2024.05.14"]
[EventCountry "UAE"]

{[%evp 0,86,17,17,19,-5,5,5,15,39,19,16,19,4,51,31,20,7,35,30,25,23,24,33,33,14,33,53,44,37,18,-12,5,-19,0,-13,-21,-38,-21,-71,-78,-76,-116,-95,-120,-104,-94,-99,-92,-88,-149,-149,-185,-185,-187,-222,-221,-233,-230,-230,-234,-263,-263,-272,-85,-92,-157,-157,-171,-172,-173,-201,-201,-228,-220,-216,-275,-274,-250,-346,-349,-276,-348,-356,-436,-458,-467,-480,-493]} 1. d4 Nf6 2. c4 e6 3. Nf3 b6 4. a3 Bb7 5. Nc3 d5 6. cxd5 exd5 7. Bg5 Be7 8. Qa4+ c6 9. e3 Nbd7 10. Bd3 h6 11. Bf4 Nh5 12. Be5 Nhf6 13. h3 O-O 14. Bh2 c5 15. Rd1 Ne4 16. Bxe4 dxe4 17. Ne5 Nxe5 18. dxe5 Qe8 19. Rd7 Bc8 20. Rxa7 $2 {Mistake. Rd2 was best.} (20. Rd2 Qxa4 21. Nxa4 f5 22. Nc3 Be6 23. Nb5 Rad8 24. Nd6 a5 25. f3 a4) 20... b5 21. Rxe7 bxa4 22. Rxe8 Rxe8 23. Nxe4 $6 {Inaccuracy. Kd1 was best.} (23. Kd1 Rd8+ 24. Kc1 Rd3 25. Bg3 Bb7 26. h4 Bd5 27. Re1 h5 28. Kb1 Ra7) 23... Rb8 24. Nxc5 Rxb2 25. O-O Rc2 26. Ne4 Be6 27. Bg3 Ra2 28. Nd6 Rb8 29. f4 Rbb2 30. Bf2 Rxa3 31. f5 Bb3 32. Nb5 Raa2 33. Nc3 Bc4 34. Rc1 Ra3 35. Nd1 Rd2 36. Be1 Rd7 $6 {Inaccuracy. Rd8 was best.} (36... Rd8 37. Nc3 Ra8 38. e6 fxe6 39. f6 Bd3 40. Rd1 Bg6 41. Rd7 gxf6 42. Kh2) 37. Bb4 $6 {Inaccuracy. Kh2 was best.} (37. Kh2 Ba6) 37... Rb3 38. Bd6 Bd3 39. Nc3 a3 40. e4 Rd8 41. Bc5 Ra8 42. Bd4 Rb4 43. Bc5 Rc4 0-1

[Event "Sharjah Master 2024"]
[Site "Shsrjah - Abu Dhabi"]
[Date "2024.05.14"]
[Round "1.39"]
[White "Aditya Mittal"]
[Black "Cardoso Cardoso, Jose Gabriel"]
[Result "1/2-1/2"]
[WhiteElo "2607"]
[BlackElo "2496"]
[PlyCount "71"]
[EventDate "2024.05.14"]
[EventCountry "UAE"]

{[%evp 0,71,18,15,66,43,84,72,72,49,40,27,80,41,45,45,47,-26,6,8,-5,-2,50,52,106,91,83,98,98,9,17,9,26,85,94,119,130,173,134,153,153,175,79,33,41,71,41,36,52,0,0,73,65,0,0,0,-25,-25,-21,-21,-3,-52,-27,0,0,0,0,-63,0,0,0,0,0,0]} 1. e4 c5 2. Nf3 d6 3. d4 cxd4 4. Nxd4 Nf6 5. Nc3 a6 6. Be2 e5 7. Nb3 Be7 8. h4 Be6 9. f4 exf4 10. Bxf4 d5 $146 {Inaccuracy. Nc6 was best.} (10... Nc6 11. Qd3 Nb4 12. Qd2 d5 13. a3 d4 14. axb4 dxc3 15. bxc3 Nxe4 16. Qe3) ({RR} 10... Nc6 11. Qd2 d5 12. O-O-O dxe4 13. Qe3 Qc8 14. Qg3 O-O 15. Bh6 Ne8 16. Nxe4 Kh8 17. Bg5 Nb4 18. Nc3 f6 19. Bf4 Bf5 20. Nd4 Bc5 21. Nxf5 Qxf5 22. Bd3 Nxd3+ 23. Rxd3 Qe6 24. Re1 Qf7 25. Kb1 {Gryshko,V (2283)-Kocharin,T (2216) Meurthe et Moselle FRA 2024 1-0 (50)}) 11. e5 Nfd7 12. Nxd5 Bxh4+ $6 {Inaccuracy. Nc6 was best.} (12... Nc6 13. Nxe7 Qxe7 14. Qd6 Bxb3 15. axb3 Ndxe5 16. Qxe7+ Kxe7 17. O-O-O Rhd8 18. c3) 13. g3 Be7 14. Bg4 Nc6 15. Bxe6 fxe6 16. Qg4 exd5 17. Qxg7 Rf8 18. Rxh7 Qb6 19. Qg6+ Kd8 20. O-O-O Nb4 21. Qxb6+ $4 {Blunder. Qg7 was best.} (21. Qg7 Re8 22. a3 Nxc2 23. Bg5 Bxg5+ 24. Qxg5+ Kc8 25. Kxc2 Kb8 26. Rxd7 Rc8+) 21... Nxb6 22. Na5 $6 {Inaccuracy. Nd4 was best.} (22. Nd4) 22... Rc8 23. c3 Nxa2+ 24. Kb1 Nxc3+ 25. bxc3 Ke8 26. Rd3 Na4 27. Kc2 b5 28. Rh6 b4 29. Nc6 Nxc3 30. Kb3 a5 31. Nxa5 Ra8 32. Nc6 Ra3+ 33. Kb2 Ra2+ 34. Kb3 Ra3+ 35. Kb2 Ra2+ 36. Kb3 1/2-1/2

[Event "Sharjah Master 2024"]
[Site "Shsrjah - Abu Dhabi"]
[Date "2024.05.14"]
[Round "1.41"]
[White "Gupta, Abhijeet"]
[Black "Assaubayeva, Bibisara"]
[Result "1/2-1/2"]
[WhiteElo "2601"]
[BlackElo "2481"]
[PlyCount "71"]
[EventDate "2024.05.14"]
[EventCountry "UAE"]

{[%evp 0,71,17,17,19,-6,-14,10,18,18,18,-20,53,40,27,25,28,27,66,59,67,76,59,16,42,14,35,29,31,30,30,-3,0,4,-3,9,7,5,35,35,46,56,85,73,70,48,63,69,75,78,75,83,71,68,89,88,88,85,77,53,70,68,57,66,76,67,76,70,73,58,51,75,67,60]} 1. d4 Nf6 2. c4 e6 3. Nf3 d5 4. Nc3 h6 5. Bf4 Bd6 6. Bxd6 Qxd6 7. e3 O-O 8. Rc1 b6 9. cxd5 Nxd5 10. Nxd5 exd5 $146 ({RR} 10... Qxd5 11. Bc4 Qa5+ 12. Qd2 Qxd2+ 13. Kxd2 Bb7 14. Ke2 a6 15. Rhd1 Rd8 16. Bb3 Ra7 17. Rc3 a5 18. a3 Na6 19. Ne5 Raa8 20. Nc6 Rd6 21. Rdc1 Nb8 22. Nxb8 Rxb8 23. Rxc7 Bxg2 24. f3 Bh3 25. Rc8+ {Bok,B (2620)-Tristan,L (2522) chess.com INT 2024 1-0 (49)}) 11. Bd3 Be6 12. Bb1 Qb4+ $6 {Inaccuracy. Nd7 was best.} (12... Nd7 13. Qc2) 13. Qd2 $6 {Inaccuracy. Rc3 was best.} (13. Rc3 c5) 13... Qxd2+ 14. Kxd2 Rc8 15. Rc3 c5 16. b3 Nd7 17. Rhc1 Rd8 18. Bd3 Bg4 19. Ng1 a5 20. f3 cxd4 21. exd4 Be6 22. Bb5 Nf6 23. Ne2 Bd7 $6 {Inaccuracy. g5 was best.} (23... g5 24. Rc7 Kg7 25. Re7 Kf8 26. Rb7 Rab8 27. Rcc7 h5 28. Nc1 h4 29. Nd3) 24. Bxd7 Nxd7 25. Rc6 Rab8 26. Rd6 Nf6 27. Rxd8+ Rxd8 28. Rc7 Kf8 29. Nc3 Rd6 30. Rb7 h5 $6 {Inaccuracy. Ke8 was best.} (30... Ke8 31. g4) 31. g3 $2 {Mistake. Nb5 was best.} (31. Nb5) 31... g5 32. Kd3 Kg7 $6 {Inaccuracy. g4 was best.} (32... g4) 33. Rb8 $6 {Inaccuracy. Nd1 was best.} (33. Nd1) 33... g4 34. f4 h4 35. gxh4 Nh5 36. Ne2 1/2-1/2